00635 a2200193 4500003000500000005001700005020001800022040000900040082000800049100001800057245010600075260003300181300001100214650005300225651003100278942001200309999001900321952010100340Nust20170207170502.0 a9780393073478 cNust a401 aGraff, Gerald aThey say / I say: the moves that matter in academic writing (EBOOK)cGerald Graff, Cathy Birkenstein. aNew YorkbW. W. Nortonc2007 a181 P. aEnglish language—Rhetoric—Handbooks, manuals aReport writing—Handbooks 2ddccBK c215102d215102 00102ddc40708NFICaMCSbMCSd2016-12-12l0o401 GRApMCSEB-3357r2016-12-08w2016-12-12yBK